[Event "SM-2022-0-00495"]
[Site "LSS email"]
[Date "2022.12.13"]
[Round "?"]
[White "Wernikiewicz, Zbigniew"]
[Black "Kazimierski, Tomasz"]
[Result "1/2-1/2"]
[WhiteElo "2291"]
[BlackElo "2220"]
[PlyCount "66"]
[EventDate "2022.11.22"]
[EventType "tourn (corr)"]
[EventRounds "6"]
[EventCountry "GER"]
[SourceTitle "Corr 2024"]
[Source "ChessBase"]
[SourceDate "2023.10.19"]
[SourceVersion "1"]
[SourceVersionDate "2023.10.19"]
[SourceQuality "1"]

1. e4 c5 2. c3 Nf6 3. e5 Nd5 4. Nf3 e6 5. d4 cxd4 6. cxd4 d6 7. Bc4 Be7 8. 0-0 0-0 9. Qe2 Nc6 10. Nc3 Nxc3 11. bxc3 dxe5 12. dxe5 b6 13. Bd3 Qc7 14. Re1 Rd8 15. Bc2 g6 16. Ng5 Bb7 17. Qg4 Rd5 18. Bb3 h5 19. Qg3 Rxe5 20. Bf4 Rxg5 21. Bxc7 Rxg3 22. Bxg3 Bf6 23. Rac1 Na5 24. Be5 Bxe5 25. Rxe5 Kf8 26. c4 Rc8 27. Rc2 Ke7 28. Re1 h4 29. Rec1 g5 30. Rc3 Nc6 31. Bd1 Nd4 32. c5 b5 33. Rd3 Rd8 1/2-1/2

[Event "RM-2022-0-00257"]
[Site "LSS email"]
[Date "2022.02.06"]
[Round "?"]
[White "Enev, Zlatko"]
[Black "Wernikiewicz, Zbigniew"]
[Result "1-0"]
[WhiteElo "2381"]
[BlackElo "2309"]
[PlyCount "73"]
[EventDate "2022.01.17"]
[EventType "tourn (corr)"]
[EventRounds "6"]
[EventCountry "GER"]
[SourceTitle "Corr 2024"]
[Source "ChessBase"]
[SourceDate "2023.10.19"]
[SourceVersion "1"]
[SourceVersionDate "2023.10.19"]
[SourceQuality "1"]

1. c4 Nf6 2. d4 e6 3. Nf3 b6 4. g4 Bb7 5. g5 Ne4 6. Bg2 f5 7. h4 Nc6 8. Bf4 Bb4+ 9. Nbd2 Ne7 10. a3 Bxd2+ 11. Bxd2 d6 12. h5 Qd7 13. Qc1 c5 14. h6 Rg8 15. dxc5 Nxc5 16. Qc2 Be4 17. Qc3 Na4 18. Qb4 a5 19. Qb3 Nc5 20. Qxb6 Nc6 21. Bc3 Rb8 22. Ne5 Nd3+ 23. exd3 dxe5 24. Qxb8+ Nxb8 25. dxe4 gxh6 26. exf5 Rxg5 27. fxe6 Qxe6 28. Bd5 Qf5 29. 0-0-0 Qxf2 30. Bxa5 Qf6 31. Rhf1 Rf5 32. Bd8 Qf8 33. Rg1 Kxd8 34. Rg8 Qxg8 35. Bxg8+ Kc7 36. b4 h5 37. Rg1 1-0

[Event "SM-2021-0-00454"]
[Site "LSS email"]
[Date "2021.11.27"]
[Round "?"]
[White "Boni, Roberto"]
[Black "Wernikiewicz, Zbigniew"]
[Result "1/2-1/2"]
[WhiteElo "2297"]
[BlackElo "2309"]
[PlyCount "55"]
[EventDate "2021.08.16"]
[EventType "tourn (corr)"]
[EventRounds "6"]
[EventCountry "GER"]
[SourceTitle "Corr 2024"]
[Source "ChessBase"]
[SourceDate "2023.10.19"]
[SourceVersion "1"]
[SourceVersionDate "2023.10.19"]
[SourceQuality "1"]

1. e4 e5 2. Nf3 Nc6 3. Bb5 a6 4. Ba4 Nf6 5. 0-0 Be7 6. Re1 b5 7. Bb3 0-0 8. a4 b4 9. d4 d6 10. dxe5 Nxe5 11. Nxe5 dxe5 12. Qe2 a5 13. Rd1 Ba6 14. Qf3 Bd6 15. Be3 h6 16. Nd2 Qe7 17. Rac1 Bb7 18. Qe2 Kh8 19. f3 Nh5 20. Re1 Nf4 21. Qf2 Ne6 22. h3 Nc5 23. Nc4 Nxb3 24. cxb3 Bc8 25. Red1 Be6 26. Rd3 Rfc8 27. Kh2 Kh7 28. Qc2 1/2-1/2

[Event "SM-2021-0-00454"]
[Site "LSS email"]
[Date "2021.11.27"]
[Round "?"]
[White "Wosch, Arkadiusz"]
[Black "Wernikiewicz, Zbigniew"]
[Result "0-1"]
[WhiteElo "2284"]
[BlackElo "2309"]
[PlyCount "114"]
[EventDate "2021.08.16"]
[EventType "tourn (corr)"]
[EventRounds "6"]
[EventCountry "GER"]
[SourceTitle "Corr 2024"]
[Source "ChessBase"]
[SourceDate "2023.10.19"]
[SourceVersion "1"]
[SourceVersionDate "2023.10.19"]
[SourceQuality "1"]

1. e4 e5 2. Nf3 Nc6 3. Bc4 Bc5 4. c3 Nf6 5. d3 d6 6. 0-0 0-0 7. Re1 a5 8. Nbd2 Be6 9. Bb5 Qb8 10. Nf1 Qa7 11. Be3 Bxe3 12. Nxe3 Ne7 13. Bc4 Bxc4 14. Nxc4 b5 15. Ne3 Qb7 16. a4 bxa4 17. Re2 Nd7 18. Rxa4 Nc5 19. Ra3 a4 20. Qc2 Rfe8 21. Re1 Ng6 22. g3 Nf8 23. h4 Nfd7 24. Nd2 Nf6 25. Rea1 Reb8 26. Ndc4 h5 27. R1a2 g6 28. Ra1 Qc6 29. Re1 Qd7 30. Re2 Nb3 31. Kg2 Qb5 32. f3 Rd8 33. Nd2 Nc5 34. Ndc4 Re8 35. Re1 Kg7 36. d4 Nb3 37. dxe5 dxe5 38. Qe2 Red8 39. Rd1 Rd7 40. Qf1 Rad8 41. Rxd7 Rxd7 42. Kg1 c6 43. Qg2 Kf8 44. Qf2 Rd3 45. Qf1 Rd8 46. Qf2 Kg8 47. Qe1 Ne8 48. Qf1 Nc7 49. g4 Ne6 50. gxh5 gxh5 51. Kh1 f6 52. Nf5 Kh7 53. Nce3 Qxf1+ 54. Nxf1 Nec5 55. N5e3 Nc1 56. Nc4 N1d3 57. Kh2 Rd7 0-1

[Event "RM-2020-0-00231"]
[Site "LSS email"]
[Date "2020.12.09"]
[Round "?"]
[White "Sorcinelli, Andrea"]
[Black "Wernikiewicz, Zbigniew"]
[Result "1/2-1/2"]
[WhiteElo "2322"]
[BlackElo "2294"]
[PlyCount "65"]
[EventDate "2020.11.14"]
[EventType "tourn (corr)"]
[EventRounds "6"]
[EventCountry "GER"]
[SourceTitle "Corr 2022"]
[Source "ChessBase"]
[SourceDate "2021.10.24"]
[SourceVersion "1"]
[SourceVersionDate "2021.10.24"]
[SourceQuality "1"]

1. e4 c6 2. d4 d5 3. exd5 cxd5 4. c4 Nf6 5. Nc3 Nc6 6. Bg5 dxc4 7. d5 Ne5 8. Bxc4 Nxc4 9. Qa4+ Bd7 10. Qxc4 h6 11. Be3 e6 12. dxe6 Bxe6 13. Qb5+ Qd7 14. Qxd7+ Bxd7 15. Nge2 Be7 16. f3 0-0 17. Kf2 Kh7 18. Rad1 Rfd8 19. Rd2 Bc6 20. Rhd1 Rxd2 21. Rxd2 a6 22. Nd4 Bd7 23. h4 Rd8 24. Re2 Re8 25. Rd2 Rd8 26. a3 Bc8 27. Nb3 Rxd2+ 28. Nxd2 Be6 29. g3 Nd5 30. Nxd5 Bxd5 31. Ne4 h5 32. Bd4 f6 33. Nc5 1/2-1/2

[Event "RM-2020-0-00222"]
[Site "LSS email"]
[Date "2020.10.14"]
[Round "?"]
[White "Sorcinelli, Andrea"]
[Black "Wernikiewicz, Zbigniew"]
[Result "1/2-1/2"]
[WhiteElo "2303"]
[BlackElo "2285"]
[PlyCount "35"]
[EventDate "2020.09.17"]
[EventType "tourn (corr)"]
[EventRounds "6"]
[EventCountry "GER"]
[SourceTitle "Corr 2022"]
[Source "ChessBase"]
[SourceDate "2021.10.24"]
[SourceVersion "1"]
[SourceVersionDate "2021.10.24"]
[SourceQuality "1"]

1. e4 c5 2. Nc3 d6 3. f4 Nc6 4. Nf3 g6 5. Bb5 Bd7 6. 0-0 Bg7 7. d3 Nf6 8. Bc4 0-0 9. h3 Nd4 10. a4 e6 11. Be3 Ne8 12. Qd2 Bc6 13. Ba2 Qb6 14. Bxd4 cxd4 15. Ne2 a5 16. f5 exf5 17. exf5 Nf6 18. Nfxd4 1/2-1/2

[Event "RM-2020-0-00222"]
[Site "LSS email"]
[Date "2020.10.14"]
[Round "?"]
[White "Wernikiewicz, Zbigniew"]
[Black "Corti, Horacio"]
[Result "1/2-1/2"]
[WhiteElo "2285"]
[BlackElo "2305"]
[PlyCount "120"]
[EventDate "2020.09.17"]
[EventType "tourn (corr)"]
[EventRounds "6"]
[EventCountry "GER"]
[SourceTitle "Corr 2022"]
[Source "ChessBase"]
[SourceDate "2021.10.24"]
[SourceVersion "1"]
[SourceVersionDate "2021.10.24"]
[SourceQuality "1"]

1. e4 c5 2. Nf3 Nc6 3. d4 cxd4 4. Nxd4 Nf6 5. Nc3 e5 6. Ndb5 d6 7. Bg5 a6 8. Na3 b5 9. Nd5 Be7 10. Bxf6 Bxf6 11. c3 0-0 12. Nc2 Bg5 13. a4 bxa4 14. Rxa4 a5 15. Bc4 Rb8 16. b3 Kh8 17. Nce3 g6 18. h4 Bxh4 19. g3 Bg5 20. f4 exf4 21. gxf4 Bh4+ 22. Kd2 Ne7 23. Qg1 Nxd5 24. Nxd5 h5 25. Qh2 Bf6 26. Nxf6 Qxf6 27. Qg3 Rd8 28. Rxa5 d5 29. exd5 Bf5 30. Rha1 Rd7 31. Qg5 Qd6 32. Re1 Kg7 33. Ra6 Qc5 34. Qf6+ Kh7 35. Qd4 Qxd4+ 36. cxd4 h4 37. Kc3 h3 38. b4 Bg4 39. Rh1 Kh6 40. b5 Kh5 41. d6 Kh4 42. Rf1 Bf5 43. Bd5 Rxb5 44. Bc6 Rb8 45. Bxd7 Bxd7 46. Ra7 Be6 47. f5 gxf5 48. d5 Bxd5 49. Rxf5 h2 50. Ra4+ Kg3 51. Rg5+ Kf2 52. Rf5+ Ke3 53. Re5+ Kf2 54. Rxd5 Rc8+ 55. Kd3 h1Q 56. Rf5+ Kg3 57. Rg5+ Kf3 58. Rf5+ Kg3 59. Rg5+ Kf3 60. Rf5+ Kg3 1/2-1/2

[Event "RM-2020-0-00222"]
[Site "LSS email"]
[Date "2020.10.14"]
[Round "?"]
[White "Wernikiewicz, Zbigniew"]
[Black "Nichols, Scott"]
[Result "1/2-1/2"]
[WhiteElo "2285"]
[BlackElo "2373"]
[PlyCount "80"]
[EventDate "2020.09.17"]
[EventType "tourn (corr)"]
[EventRounds "6"]
[EventCountry "GER"]
[SourceTitle "Corr 2022"]
[Source "ChessBase"]
[SourceDate "2021.10.24"]
[SourceVersion "1"]
[SourceVersionDate "2021.10.24"]
[SourceQuality "1"]

1. e4 d6 2. d4 Nf6 3. Nc3 g6 4. Be3 Bg7 5. Qd2 h6 6. h3 a6 7. Nf3 Nc6 8. d5 Nb8 9. Bd3 Nbd7 10. a4 c6 11. 0-0 Qa5 12. Be2 Qb4 13. Rfe1 Nxe4 14. Nxe4 Qxe4 15. c4 Ne5 16. Nxe5 Qxe5 17. dxc6 bxc6 18. Bf3 0-0 19. b4 Bd7 20. Bxh6 Qf6 21. b5 axb5 22. cxb5 d5 23. Bxg7 Kxg7 24. b6 Rfb8 25. Qe3 Ra5 26. Qxe7 Qxe7 27. Rxe7 Bf5 28. b7 Ra7 29. g4 Be6 30. Rb1 Kf8 31. Rc7 Ke8 32. g5 Kd8 33. Rxc6 Rbxb7 34. Rxb7 Rxb7 35. Rc5 Rb1+ 36. Kg2 d4 37. Rb5 Rxb5 38. axb5 d3 39. Kf1 Bc4 40. Ke1 Bxb5 1/2-1/2

[Event "RM-2020-0-00203"]
[Site "LSS email"]
[Date "2020.03.22"]
[Round "?"]
[White "Wernikiewicz, Zbigniew"]
[Black "Willmann, Bernd"]
[Result "1/2-1/2"]
[WhiteElo "2262"]
[BlackElo "2345"]
[PlyCount "46"]
[EventDate "2020.02.18"]
[EventType "tourn (corr)"]
[EventRounds "6"]
[EventCountry "GER"]
[SourceTitle "Corr 2022"]
[Source "ChessBase"]
[SourceDate "2021.10.24"]
[SourceVersion "1"]
[SourceVersionDate "2021.10.24"]
[SourceQuality "1"]

1. e4 c5 2. Nf3 d6 3. d4 cxd4 4. Nxd4 Nf6 5. Nc3 a6 6. Be3 e5 7. Nb3 Be7 8. Be2 Be6 9. 0-0 0-0 10. Qd3 Nbd7 11. Nd5 Bxd5 12. exd5 Ne8 13. a4 g6 14. a5 f5 15. c4 Rc8 16. Rfd1 Bg5 17. Nd2 e4 18. Qc3 Bf6 19. Bd4 Bxd4 20. Qxd4 Qg5 21. b4 Nef6 22. Ra3 Nh5 23. Bf1 Rfe8 1/2-1/2

[Event "RM-2020-0-00202"]
[Site "LSS email"]
[Date "2020.03.04"]
[Round "?"]
[White "Kahl, Fred"]
[Black "Wernikiewicz, Zbigniew"]
[Result "1/2-1/2"]
[WhiteElo "2371"]
[BlackElo "2255"]
[PlyCount "99"]
[EventDate "2020.02.14"]
[EventType "tourn (corr)"]
[EventRounds "6"]
[EventCountry "GER"]
[SourceTitle "Corr 2022"]
[Source "ChessBase"]
[SourceDate "2021.10.24"]
[SourceVersion "1"]
[SourceVersionDate "2021.10.24"]
[SourceQuality "1"]

1. d4 Nf6 2. c4 e6 3. g3 d5 4. Bg2 Bb4+ 5. Bd2 Be7 6. Nf3 0-0 7. 0-0 c6 8. Qc2 Nbd7 9. Bf4 b6 10. Rd1 Bb7 11. Ne5 Nh5 12. Bd2 Nhf6 13. cxd5 cxd5 14. Nc6 Bxc6 15. Qxc6 Rc8 16. Qb5 Ne8 17. Qd3 Ndf6 18. Nc3 Nd6 19. b3 Qd7 20. Rac1 Nf5 21. Bg5 Rfd8 22. Rc2 Ne8 23. Bc1 Rc7 24. Bb2 Rdc8 25. Rdc1 b5 26. e3 g6 27. Bf1 a6 28. Qd1 Bd6 29. Nb1 Rxc2 30. Rxc2 Rxc2 31. Qxc2 Qb7 32. Nd2 Nf6 33. a4 Ne7 34. h4 Kg7 35. Kg2 b4 36. Bd3 a5 37. Nf3 h5 38. Bc1 Ng4 39. e4 dxe4 40. Bxe4 Nd5 41. Nd2 Bc7 42. Nc4 Ngf6 43. Bf3 Qc6 44. Bg5 Ng8 45. Qe2 f6 46. Bc1 Nge7 47. Qd2 Nf5 48. Bb2 Qd7 49. Be4 Qd8 50. Kg1 1/2-1/2

[Event "RM-2020-0-00202"]
[Site "LSS email"]
[Date "2020.03.04"]
[Round "?"]
[White "Wernikiewicz, Zbigniew"]
[Black "Susla, Vitaliy"]
[Result "1/2-1/2"]
[WhiteElo "2255"]
[BlackElo "2296"]
[PlyCount "124"]
[EventDate "2020.02.14"]
[EventType "tourn (corr)"]
[EventRounds "6"]
[EventCountry "GER"]
[SourceTitle "Corr 2022"]
[Source "ChessBase"]
[SourceDate "2021.10.24"]
[SourceVersion "1"]
[SourceVersionDate "2021.10.24"]
[SourceQuality "1"]

1. e4 c5 2. Nf3 d6 3. d4 cxd4 4. Nxd4 Nf6 5. Nc3 a6 6. Be3 e5 7. Nb3 Be6 8. h3 Nbd7 9. g4 h6 10. Qd2 Rc8 11. 0-0-0 b5 12. f4 Be7 13. Kb1 0-0 14. g5 hxg5 15. fxg5 Nh5 16. Nd5 Bxd5 17. exd5 Nb6 18. Na5 Ng3 19. Rh2 Nxf1 20. Rxf1 Nc4 21. Nxc4 Rxc4 22. Rg1 Qd7 23. b3 Rh4 24. Qf2 Rh5 25. Qf3 g6 26. h4 Kg7 27. Rhh1 Qf5 28. Qg2 Rfh8 29. Rf1 Qd7 30. Qe4 a5 31. Rf2 Kg8 32. a3 Bd8 33. Ka2 a4 34. b4 Kg7 35. Kb2 Qb7 36. Bd2 Kg8 37. Qg4 Be7 38. Be3 R8h7 39. c4 bxc4 40. Qe4 c3+ 41. Kxc3 Bd8 42. Kb2 Rh8 43. Rc2 Kg7 44. Rc6 Be7 45. Ka2 Qb5 46. Kb2 Qb7 47. Ka2 Qb8 48. Rcc1 Bd8 49. Bf2 Qb5 50. Rhd1 Qd7 51. Rc3 Rf8 52. Rg1 f6 53. gxf6+ Rxf6 54. Be3 Qf5 55. Qxf5 Rfxf5 56. b5 Rxh4 57. b6 Rf7 58. Rb1 Rb7 59. Rc6 Rh3 60. Bg1 Rd3 61. Rxd6 Be7 62. Rc6 Rxa3+ 1/2-1/2

[Event "RM-2020-0-00202"]
[Site "LSS email"]
[Date "2020.03.04"]
[Round "?"]
[White "Wernikiewicz, Zbigniew"]
[Black "Willmann, Bernd"]
[Result "1/2-1/2"]
[WhiteElo "2255"]
[BlackElo "2339"]
[PlyCount "62"]
[EventDate "2020.02.14"]
[EventType "tourn (corr)"]
[EventRounds "6"]
[EventCountry "GER"]
[SourceTitle "Corr 2022"]
[Source "ChessBase"]
[SourceDate "2021.10.24"]
[SourceVersion "1"]
[SourceVersionDate "2021.10.24"]
[SourceQuality "1"]

1. e4 c5 2. Nf3 d6 3. d4 cxd4 4. Nxd4 Nf6 5. Nc3 a6 6. Be3 e5 7. Nb3 Be7 8. f3 Be6 9. Qd2 Nbd7 10. g4 0-0 11. g5 Nh5 12. 0-0-0 b5 13. Nd5 Bxd5 14. exd5 f5 15. Rg1 f4 16. Bf2 Bxg5 17. Bh3 Be7 18. Na5 Kh8 19. Nc6 Qe8 20. Kb1 Bd8 21. Qb4 Bc7 22. a4 Nhf6 23. Be6 Qh5 24. Rd3 Qxh2 25. Qe1 Rae8 26. Qf1 e4 27. fxe4 Nxe4 28. Rg2 Qh6 29. Bxd7 f3 30. Bd4 fxg2 31. Qxg2 Qg6 1/2-1/2

[Event "RM-2020-0-00201"]
[Site "LSS email"]
[Date "2020.02.22"]
[Round "?"]
[White "Wernikiewicz, Zbigniew"]
[Black "Kahl, Fred"]
[Result "1/2-1/2"]
[WhiteElo "2248"]
[BlackElo "2373"]
[PlyCount "59"]
[EventDate "2020.02.04"]
[EventType "tourn (corr)"]
[EventRounds "6"]
[EventCountry "GER"]
[SourceTitle "Corr 2022"]
[Source "ChessBase"]
[SourceDate "2021.10.24"]
[SourceVersion "1"]
[SourceVersionDate "2021.10.24"]
[SourceQuality "1"]

1. e4 e5 2. Nf3 Nc6 3. Bb5 a6 4. Ba4 Nf6 5. 0-0 Be7 6. Re1 b5 7. Bb3 0-0 8. c3 d5 9. exd5 Nxd5 10. Nxe5 Nxe5 11. Rxe5 c6 12. d4 Bd6 13. Re1 Qh4 14. g3 Qh3 15. Be3 Bg4 16. Qd3 Rae8 17. Nd2 Qh5 18. a4 Re6 19. Nf1 Bf5 20. Qd2 Rfe8 21. axb5 axb5 22. Bxd5 cxd5 23. Qe2 Bg4 24. Qxb5 Rb8 25. Qd3 Bf5 26. Qe2 Bg4 27. Qc2 Bf5 28. Qa4 Bh3 29. Qd1 Bg4 30. Qb1 1/2-1/2

[Event "RM-2020-0-00201"]
[Site "LSS email"]
[Date "2020.02.22"]
[Round "?"]
[White "Wernikiewicz, Zbigniew"]
[Black "Misericordia, Antonio"]
[Result "1/2-1/2"]
[WhiteElo "2248"]
[BlackElo "2299"]
[PlyCount "122"]
[EventDate "2020.02.04"]
[EventType "tourn (corr)"]
[EventRounds "6"]
[EventCountry "GER"]
[SourceTitle "Corr 2022"]
[Source "ChessBase"]
[SourceDate "2021.10.24"]
[SourceVersion "1"]
[SourceVersionDate "2021.10.24"]
[SourceQuality "1"]

1. e4 c5 2. Nf3 e6 3. d4 cxd4 4. Nxd4 a6 5. Bd3 d5 6. exd5 Qxd5 7. 0-0 Nd7 8. Be3 Ngf6 9. Re1 Bb4 10. Nc3 Qa5 11. Bd2 0-0 12. Nb3 Qd8 13. h3 Be7 14. Qf3 Qc7 15. Bf4 Bd6 16. Bxd6 Qxd6 17. Rad1 Qb8 18. Ne4 Qc7 19. Nbc5 Ne8 20. Qe3 Nxc5 21. Nxc5 Nf6 22. c4 Bd7 23. Nxd7 Nxd7 24. a3 Nf6 25. b4 a5 26. Bf1 b6 27. g3 h6 28. Rd2 axb4 29. axb4 Rfd8 30. Rxd8+ Qxd8 31. Qb3 Nd7 32. Rd1 Qc7 33. Rc1 Rb8 34. Qd1 Rc8 35. Be2 Qd8 36. Qd6 Nf6 37. Qf4 Qe7 38. Rb1 Ra8 39. Rd1 Qxb4 40. Kg2 Qc5 41. Bf3 Ra2 42. Bb7 Nh5 43. Qf3 Nf6 44. Qf4 Nh5 45. Qf3 Qc7 46. Be4 Nf6 47. Qf4 e5 48. Qf3 Nxe4 49. Qxe4 Ra4 50. Rc1 g6 51. Qe3 Qc5 52. Rb1 Qxe3 53. fxe3 Rxc4 54. Rxb6 h5 55. Rb5 e4 56. h4 Rc3 57. Kf2 Rc2+ 58. Kf1 Rc1+ 59. Kf2 Rc2+ 60. Kf1 Rc4 61. Kf2 Rc2+ 1/2-1/2

[Event "RM-2020-0-00199"]
[Site "LSS email"]
[Date "2020.02.12"]
[Round "?"]
[White "Susla, Vitaliy"]
[Black "Wernikiewicz, Zbigniew"]
[Result "1-0"]
[WhiteElo "2283"]
[BlackElo "2253"]
[PlyCount "124"]
[EventDate "2020.01.25"]
[EventType "tourn (corr)"]
[EventRounds "6"]
[EventCountry "GER"]
[SourceTitle "Corr 2022"]
[Source "ChessBase"]
[SourceDate "2021.10.24"]
[SourceVersion "1"]
[SourceVersionDate "2021.10.24"]
[SourceQuality "1"]

1. e4 e5 2. Nf3 Nc6 3. Bb5 a6 4. Ba4 Nf6 5. 0-0 Be7 6. Re1 Bb4 7. Bxc6 dxc6 8. Nxe5 0-0 9. Nf3 Re8 10. a3 Be7 11. h3 c5 12. a4 c4 13. d4 cxd3 14. cxd3 c5 15. Qc2 h6 16. Nc3 Qc7 17. a5 Be6 18. Be3 Nd7 19. Rec1 Rad8 20. Na4 Qb8 21. Qe2 Rc8 22. Nd2 Bd6 23. f3 Rc6 24. Nc4 Bxc4 25. Rxc4 Qd8 26. Rcc1 Qh4 27. Qe1 Qe7 28. Nc3 f5 29. Ra4 Nf6 30. f4 fxe4 31. dxe4 g5 32. Qf1 Bxf4 33. Bxf4 gxf4 34. Qxf4 Qe5 35. Rf1 Qxf4 36. Rxf4 Kg7 37. Rc4 Re5 38. Rf5 Nd7 39. Nd5 Rxf5 40. exf5 Rd6 41. Ne3 b5 42. axb6 Rxb6 43. Re4 Nf6 44. Re7+ Kg8 45. Re6 Rxe6 46. fxe6 Kf8 47. Nf5 Ne4 48. Kf1 a5 49. Ke2 c4 50. Ke3 c3 51. bxc3 Nxc3 52. Kd4 Nd1 53. Ke5 Nf2 54. Nd6 Ke7 55. Nc8+ Ke8 56. Nb6 h5 57. Nd5 h4 58. Kd4 Nh1 59. Kc4 Ng3 60. Kb5 Nf5 61. Kxa5 Ng7 62. Kb5 Nxe6 1-0

[Event "RM-2020-0-00196"]
[Site "LSS email"]
[Date "2020.01.21"]
[Round "?"]
[White "Aberbach Peltzman, Angel Sergio"]
[Black "Wernikiewicz, Zbigniew"]
[Result "1/2-1/2"]
[WhiteElo "2334"]
[BlackElo "2300"]
[PlyCount "53"]
[EventDate "2020.01.18"]
[EventType "tourn (corr)"]
[EventRounds "6"]
[EventCountry "GER"]
[SourceTitle "Corr 2022"]
[Source "ChessBase"]
[SourceDate "2021.10.24"]
[SourceVersion "1"]
[SourceVersionDate "2021.10.24"]
[SourceQuality "1"]

1. d4 Nf6 2. c4 e6 3. Nc3 Bb4 4. a3 Bxc3+ 5. bxc3 c5 6. e3 b6 7. Bd3 Bb7 8. f3 Nc6 9. Ne2 0-0 10. e4 d6 11. 0-0 h6 12. d5 Na5 13. Ng3 Ba6 14. Qe2 Nb3 15. Rb1 Nxc1 16. Rbxc1 e5 17. Qe3 Bc8 18. a4 Qe7 19. Rfe1 h5 20. Nf5 Bxf5 21. exf5 Rfe8 22. Qf2 Rab8 23. Rc2 Nd7 24. h4 Nf6 25. Ra2 a6 26. Rb2 e4 27. Bxe4 1/2-1/2

[Event "RM-2020-0-00196"]
[Site "LSS email"]
[Date "2020.01.21"]
[Round "?"]
[White "Wernikiewicz, Zbigniew"]
[Black "Willmann, Bernd"]
[Result "0-1"]
[WhiteElo "2300"]
[BlackElo "2346"]
[PlyCount "146"]
[EventDate "2020.01.18"]
[EventType "tourn (corr)"]
[EventRounds "6"]
[EventCountry "GER"]
[SourceTitle "Corr 2022"]
[Source "ChessBase"]
[SourceDate "2021.10.24"]
[SourceVersion "1"]
[SourceVersionDate "2021.10.24"]
[SourceQuality "1"]

1. e4 c5 2. Nf3 d6 3. d4 cxd4 4. Nxd4 Nf6 5. Nc3 a6 6. Be3 e5 7. Nb3 Be7 8. h3 h6 9. Be2 0-0 10. 0-0 Be6 11. Qd3 Nbd7 12. Nd5 Bxd5 13. exd5 Nc5 14. Nxc5 dxc5 15. c4 Bd6 16. Qf5 e4 17. h4 Qe7 18. Rab1 g6 19. Qh3 h5 20. Bh6 Rfe8 21. b3 Nd7 22. Rbe1 f5 23. Bg5 Qe5 24. Bd2 Rab8 25. a4 b6 26. Kh1 Bc7 27. Bc3 Qd6 28. g3 Nf6 29. Bd2 Qd7 30. Rd1 Be5 31. Qg2 Rf8 32. Bh6 Rf7 33. Be3 Qc7 34. Bg5 Kg7 35. Rg1 Re8 36. Rde1 Bd4 37. Bf4 Qe7 38. Rgf1 Be5 39. Bg5 Qd6 40. Rg1 Bd4 41. Bf4 Qd7 42. Rgf1 Bc3 43. Rd1 Ng4 44. Kg1 Qd8 45. Bxg4 hxg4 46. Be3 a5 47. Rfe1 Rh8 48. Re2 Rd7 49. Kf1 Bf6 50. Qg1 Rh5 51. Ke1 Bc3+ 52. Kf1 Kf7 53. Rc2 Bf6 54. Ke2 g5 55. hxg5 Bxg5 56. Bxg5 Qxg5 57. Rc3 Ke8 58. Qe1 Rf7 59. Re3 Kd7 60. Qd2 Qe7 61. Re1 f4 62. gxf4 Rxf4 63. Kd1 Qe5 64. Qc3 Qxc3 65. Rxc3 Rh2 66. Rc2 Rfxf2 67. Rxf2 Rxf2 68. Rxe4 g3 69. Ke1 Rb2 70. Kf1 Rxb3 71. Kg2 Ra3 72. Rg4 Kc8 73. Rxg3 Rxa4 0-1